000 00670nam a2200241Ia 4500
003 OSt
005 20220927104951.0
006 a|||||r|||| 00| 0
007 ta
008 220926b |||||||| |||| 00| 0 eng d
024 _a159376
037 _cReference Collections
040 _aRTL
_cRTL
_beng
041 _2eng
_aeng
082 _a"W,31 m2, N6, K4.50"
110 _aINDIA
_9352601
245 0 _aRajya sabha parliamentary debates
_b A report
260 _aNew
_bDelhi Rajya sabha secretariat
_c1964
300 _a1814p
_ccm.
700 _aINDIA
_9352603
942 _h"W,31 m2, N6, K4.50"
_cCC
999 _c689802
_d689802